000
00313nam a2200145Ia 4500
100
_a
D.E. Knuth
250
_a
2
942
_c
RB
654
_a
C
245
_a
Art of Computer programming : Sorting & Searching
260
_b
Addison Wesly
_c
1998
082
_a
5.1
_b
KNU
300
_a
780
546
_a
ENGLISH
999
_c
21560
_d
21560